Responses for Show #3183 - Wednesday, June 3, 1998

Contestants

[<< previous game]

John Chapman, a golf course manager from Columbia, Missouri

Pam Tyler, a professor of history from Raleigh, North Carolina

Adele Odegard, a lieutenant colonel from Fort Belvoir, Virginia (whose 1-day cash winnings total $8,400)

[next game >>]

Jeopardy! Round responses

MILD-MANNERED REPORTERS
LOOK!
UP IN THE SKY!
IT'S A BIRD!
IT'S A PLANE!
IT'S SUPERMAN!
    $100 6
How you played the game

Pam
    $100 26
railroad/train tracks

Adele
    $100 19
"Twinkle, Twinkle, Little Star"

Adele
    $100 14
Saxophone

John
    $100 11
Spirit of St. Louis

Adele
    $100 1
Jimmy Olsen

Adele
    $500 7
Pentagon

Pam
    $200 27
"Fore!"

John
    $200 20
Ozone layer

Adele
    $200 15
Clint Eastwood

John
    $200 12
William Randolph Hearst

Adele
    $200 2
Nicolas Cage

John
    $300 8
Dominick Dunne

Pam
    $300 28
[Co-starring Kirstie Alley]

Look Who's Talking

Triple Stumper
    $300 21
[Sometimes you're told to "Go fly" one.]

a kite

Adele
    $300 16
Bebop

John
    $300 13
(A: What is wind?)
(Alex: Pedaling away, I believe, if I remember correctly.)

Person

Adele
Triple Stumper
    $300 3
George Reeves

John
    $400 9
Edward R. Murrow

Pam
    $400 29
Colorblindness

Adele
    $400 22
High-tension lines

Pam
    $400 17
"Ornithology"

Triple Stumper
    $400 24
Vertical

Pam
    $400 4
Car

Triple Stumper
    $500 10
Hunter S. Thompson

Pam
    $500 30
Chattanooga

John
    $500 23
(we have about a minute to go...)

Mir

John
    $500 18
Birdland

Pam
    $500 25
Messerschmitt

Pam
    $500 5
Jor-El

John

Scores at the first commercial break (after clue 13):

Adele Pam John
$100 $1,800 $1,000

Scores at the end of the Jeopardy! Round:

Adele Pam John
$1,200 $3,600 $2,800

Double Jeopardy! Round responses

STREET SMARTS
(Alex: We all have them.)
R.E.M.
(Alex: The musical group.)
SCOT LIT
FOUNDERS
RELIGIONS OF THE WORLD
STARTS & ENDS WITH "T"
    $200 21
Wall Street

John
    $200 26
Michael Stipe

John
    $200 2
James M. Barrie

Adele
    $200 11
Drug stores

Adele
    $200 16
Dervishes

Adele
    $200 1
Tint

Pam
    $400 22
Downing Street

Adele
    $400 30
MTV

Pam
    $400 3
Historical fiction

Adele
    $400 12
(J: What is American Association for Retired People?)
(P: What is American Association of Retired People?)

American Association of Retired Persons

AdelePamJohn
    $400 17
Druidism

Adele
    $400 4
a trivet

Adele
    $600 23
Beale Street

Adele
    $600 27
Andy Kaufman

John
    $600 8
Football

John
    $600 13
James Dole

John
    $600 18
Rastafarianism

John
    $600 5
Ticket

Adele
    $800 24
(and we have about a minute left...)

Atlanta

John
    $800 28
"Stand"

John
    $800 9
"Kidnapped"

Pam
    $800 14
Big Brothers

Adele
    $800 19
(J: What is nihilism?)

Agnosticism

John
    $800 6
a taxidermist

Adele
    $1,500 25
[AKA "The Crookedest Street in the World"]

Lombard Street (in San Francisco)

John
    $1000 29
Warner Brothers

Adele
    $1000 10
Robert the Bruce

Triple Stumper
    $1000 15
The New Yorker

Pam
    $1000 20
Kaaba

Adele
    $1000 7
Travis Tritt

John

Scores at the end of the Double Jeopardy! Round:

Adele Pam John
$8,600 $5,600 $8,500

[wagering suggestions for these scores]

Final Jeopardy! Round responses

19th CENTURY AMERICA
PamWho were J. Garfield and C. Arthur?
$5,000
JohnWho are Grant & Garfield
$8,500
AdeleWho were Garfield & Hays??
$2,800
James Garfield & Chester A. Arthur

Final scores:

Adele Pam John
$5,800 $10,600 $0
2nd place: Temptress Adventure Cruise in Panama New champion: $10,600 3rd place: Rand McNally Travel Store Gift Certificate

Game dynamics:

Coryat scores:

Adele Pam John
$8,600 $5,300 $8,800
22 R,
1 W
13 R
(including 1 DD),
1 W
19 R
(including 1 DD),
2 W
(including 1 DD)

Combined Coryat: $22,700

[game clues] [game scores] [suggest correction]

Game tape date: Unknown
The J! Archive is created by fans, for fans. Scraping, republication, monetization, and malicious use prohibited; this site may use cookies and collect identifying information. See terms. The Jeopardy! game show and all elements thereof, including but not limited to copyright and trademark thereto, are the property of Jeopardy Productions, Inc. and are protected under law. This website is not affiliated with, sponsored by, or operated by Jeopardy Productions, Inc. Join the discussion at JBoard.tv.